| Tag |
First Indicator |
Second Indicator |
Subfields |
| LEADER |
00000cam a22000008a 4500 |
| 001 |
in00000026051 |
| 005 |
20151007055804.0 |
| 008 |
871006s1987 sz a b 00110 eng c |
| 010 |
|
|
|a 87029964
|
| 020 |
|
|
|a 0817619259 (U.S.) :
|c 48.00F (Switzerland : est.)
|
| 035 |
|
|
|a (OCoLC)16900823
|
| 035 |
|
|
|9 AAB9265AM
|
| 040 |
|
|
|a DNLM/DLC
|c DLC
|d TXA
|d UtOrBLW
|
| 049 |
|
|
|a TXAM
|c [A11650344]
|
| 050 |
0 |
0 |
|a QP625.N89
|b S25 1987
|
| 060 |
|
0 |
|a QU 25 S181L
|
| 070 |
0 |
|
|a QP625.N89S25
|
| 072 |
|
0 |
|a X300
|
| 082 |
0 |
|
|a 574.87/322
|2 19
|
| 100 |
1 |
|
|a Saluz, H. P.,
|d 1952-
|
| 245 |
1 |
2 |
|a A laboratory guide to genomic sequencing :
|b the direct sequencing of native uncloned DNA /
|c H. P. Saluz, J. P. Jost.
|
| 263 |
|
|
|a 8710
|
| 264 |
|
1 |
|a Basel ;
|a Boston :
|b Birkhäuser,
|c 1987.
|
| 300 |
|
|
|a 163 pages :
|b illustrations
|
| 336 |
|
|
|a text
|b txt
|2 rdacontent
|
| 337 |
|
|
|a unmediated
|b n
|2 rdamedia
|
| 338 |
|
|
|a volume
|b nc
|2 rdacarrier
|
| 490 |
1 |
|
|a BioMethods ;
|v vol. 1
|
| 504 |
|
|
|a Bibliography: pages 157-160.
|
| 500 |
|
|
|a Includes index.
|
| 650 |
|
0 |
|a Nucleotide sequence
|x Laboratory manuals.
|
| 700 |
1 |
|
|a Jost, J. P.
|q (Jean Pierre),
|d 1937-
|
| 830 |
|
0 |
|a BioMethods ;
|v vol. 1.
|
| 999 |
|
|
|a MARS
|
| 999 |
f |
f |
|s df49d152-2e29-3fec-bc42-354fb6bfb979
|i e1d74b42-934c-3a92-bf88-ff16938f502f
|t 0
|
| 952 |
f |
f |
|p ric
|a Texas A&M University
|b Rellis Campus
|c Joint Library Facility
|d Remote Storage
|t 0
|e QP625.N89 S25 1987
|h Library of Congress classification
|i unmediated -- volume
|m A14811650344
|
| 998 |
f |
f |
|a QP625.N89 S25 1987
|t 0
|l Remote Storage
|